000 00612nam a22001695i 4500
001 162897
003 ES-MaACL
005 20230906212627.0
008 940301s1861 sp |||| | spa d
040 _aAS
_bspa
100 1 _aRafo, José.
_9131565
245 1 0 _aProyecto para la mejora y ensanche del puerto de Barcelona /
_cformado por José Rafo ; aprobado por Real orden de 29 de mayo de 1860.
260 _aMadrid :
_b[s.n.],
_c1861 (
_fImp. de D. José C. de la Peña)
300 _a494 p., XI h. de plan ;
_c24 cm.
651 4 _aPuerto de Barcelona.
_9155666
852 _aES-MaACL
_jG-3586
_z-- Enc. tela
999 _c162897
_d162897